000 00341nam a22001217a 4500
008 230620b xxu||||| |||| 00| 0 eng d
020 _a0195219155
082 _a321.4
_bUNDP 2002
245 _aHuman Development Report 2002
_bDeepening Democracy in a Fragmented World
260 _aNew York
_bUNDP
_c2002
300 _aXIV,277p
942 _2ddc
_cBK
999 _c1865
_d1865